Представление документа в формате RUSMARC

ПолеНазваниеЗначение
  Тип записи a
  Библиографический уровень m
001 Контрольный номер RU/IS/BASE/383219101
005 Дата корректировки 20201206204821.9
010 Индекс ISBN __
a ISBN 978-5-86793-818-5
d Цена 250-00
100 Данные общей обработки __
a Данные общей обработки 19110301d2010 |||y0rusy0189 ca
101 Язык документа 0_
a Язык текста rus
102 Страна публикации __
a Страна публикации RU
105 Кодированные данные (монография) __
a Кодированные данные (монография) a###z###|||zy
200 Заглавие и сведения об ответственности 1_
a Заглавие Романтизм вне романтизма
f Первые сведения об ответственности Сергей Хачатуров
b Общее обозначение материала Текст
210 Выходные данные __
a Место издания М.
c Издательство Новое лит. обозрение
d Дата издания 2010
215 Физическое описание __
a Объем 185, [2] с.
c Иллюстрации/тип воспроизводства ил.
d Формат 22
225 Серия __
a Серия Очерки визуальности
320 Библиография __
a Библиография Библиогр. в примеч.
330 Аннотация __
a Аннотация Вопреки традиционной датировке культуры романтизма (первая половина 19 в.) автор убеждает, что территория романтического осваивалась намного ранее.
606 Тематические рубрики __
a Основная рубрика Эстетика
606 Тематические рубрики __
a Основная рубрика Общие вопросы эстетики
610 Ключевые слова __
a Ключевые слова романтизм; история искусства; культура Просвещения; Просвещение; культура романтизма; теория искусства
686 Индексы других классификаций __
a Классификационный индекс 87.8
700 Автор _1
a Фамилия Хачатуров
b Имя С. В.
g Полное личное имя Сергей Валерьевич
4 Код отношения 070
801 Источник записи _0
a Страна RU
b Организация Муниципальное бюджетное учреждение культуры "Централизованная библиотечная система" г. Сургут (Центральная городская библиотека им. А. С. Пушкина)
c Дата составления 20110301
g Правила каталогизации КиК/Елгина
801 Источник записи _1
a Страна RU
b Организация Муниципальное бюджетное учреждение культуры "Централизованная библиотечная система" г. Сургут (Центральная городская библиотека им. А. С. Пушкина)
c Дата составления 20110301
g Правила каталогизации КиК/Елгина
852 Данные о местонахождении __
j Шифр хранения 87.8
i Авторский знак Х 29
901 Тип документа __
t Тип документа m
903 Характеристики (МАРС) __
a Дата передачи 20120222
990 Данные о заказе (DOS) __
j Количество экземпляров (DOS) 1
h N записи в КСУ для Б/У (DOS) 201203